000 00861nam a2200253 a 4500
001 000011760
005 20240530073912.0
008 091027s2004 dr 000 f spa d
020 _a9993401048
040 _aDO-SdBNP
_bspa
_cBNPHU
082 _aRD863.44
_bB663j, 2004
100 1 _aBobadilla, José,
_d1955-
_911356
245 1 0 _aEn el jardín de Onán :
_bnavajas y coronas de una solitaria historia de amor /
_cJosé Bobadilla.
250 _a4a. ed.
260 _aSanto Domingo :
_bImagen Escrita
_bLetra Gráfica,
_c2004.
300 _a153 p. ;
_c22 cm.
490 1 _aObras
_v8
500 _aIncluye datos biográficos del autor en la solapa de la cubierta.
590 _aInventariado, 2020/MFF
650 0 _aNovela dominicana
_9223
650 0 _aLiteratura dominicana.
_967
830 0 _aObras
_v8
_920852
910 _aValidado. Control de calidad EMS
999 _c11435
_d11435